A-Z physical chemistry/ (Record no. 742354)

MARC details
000 -LEADER
fixed length control field 00435nam a22001577a 4500
005 - DATE AND TIME OF LATEST TRANSACTION
control field 20221207150934.0
008 - FIXED-LENGTH DATA ELEMENTS--GENERAL INFORMATION
fixed length control field 221207b sa ||||| |||| 00| 0 eng d
020 ## - INTERNATIONAL STANDARD BOOK NUMBER
International Standard Book Number <a href="9789380106830">9789380106830</a>
040 ## - CATALOGING SOURCE
Transcribing agency rda
082 ## - DEWEY DECIMAL CLASSIFICATION NUMBER
Classification number 541 PURO
942 ## - ADDED ENTRY ELEMENTS
Creator ID 169
Creator Name Boniswa Ngcongolo
Modifier ID 169
Modifier Name Boniswa Ngcongolo
100 ## - MAIN ENTRY--PERSONAL NAME
Personal name Purohit, Naresh
245 ## - TITLE STATEMENT
Title A-Z physical chemistry/
Cover Title Naresh Purohit
260 ## - PUBLICATION, DISTRIBUTION, ETC.
Place of publication, distribution, etc. India:
Name of publisher, distributor, etc. Centrum Press,
Date of publication, distribution, etc. 2009.
300 ## - PHYSICAL DESCRIPTION
Extent 293 pages:
Other physical details illustrations;
Dimensions 23 cm.
942 ## - ADDED ENTRY ELEMENTS
Source of classification or shelving scheme Dewey Decimal Classification
item type Book
Holdings
Withdrawn status Lost status Source of classification or shelving scheme Damaged status Not for loan Collection code Home library Current library Shelving location Date acquired Full call number Barcode Date last seen Price effective from item type
    Dewey Decimal Classification     500: Science ERMELO REGIONAL LIBRARY Carolina Public Library(main) General Stacks 07.12.2022 541 PURO 33228031003241 07.12.2022 07.12.2022 Book